Países no reconocidos y territorios del mundo - Estadísticas

Estadísticas generales
  • Esta prueba ha sido intentada 326 veces
  • La puntuación promedio es 32 de 50
Respuestas en el mapa
Las respuestas están codificadas por una escala verde-roja en el mapa de la prueba según el % correcto abajo.
 
Estadísticas de respuestas
País % Correcto
Islas Feroe
76%
Islas Malvinas
76%
Palestina
75%
Groenlandia
73%
Sahara Occidental
72%
Isla de Man
71%
Aruba
70%
Curazao
70%
Islas Vírgenes Británicas
70%
Hong Kong
69%
Santa Elena, Ascensión y Tristán de Acuña​
69%
Islas Caimán
68%
Bermudas
67%
Chipre del Norte
67%
Islas Vírgenes de los Estados Unidos
67%
Abjasia
66%
Isla de Navidad
66%
Polinesia Francesa
66%
Caribe Neerlandés
65%
Gibraltar
65%
Macao
65%
Somalilandia
65%
Guadalupe
64%
Islas Cook
64%
Martinica
64%
Samoa Americana
64%
Guam
63%
Puerto Rico
63%
Islas Cocos
62%
Transnistria
62%
Guayana Francesa
61%
Islas Marianas del Norte
61%
Jersey
61%
La Reunión
61%
Nueva Caledonia
61%
San Martín
61%
Svalbard y Jan Mayen
60%
Islas Turcas y Caicos
58%
Mayotte
58%
Osetia del Sur
57%
Guernsey
56%
Niue
56%
Isla Norfolk
55%
Anguilla
53%
Montserrat
53%
San Pedro y Miquelón
53%
San Bartolomé
52%
Islas Pitcairn
51%
Wallis y Futuna
51%
Tokelau
50%
No se encontraron pruebas coincidentes
Distribución de puntuación
Porcentaje de gente con cada puntuación
Porcentaje por número respondido
Historial de tus puntuaciones
No has intentado esta prueba.